header

Zinfandel (Record no. 47040)

MARC details
000 -LEADER
fixed length control field 01454nam a22003374a 4500
082 04 - DEWEY DECIMAL CLASSIFICATION NUMBER
Classification number 634.8/09794
100 1# - MAIN ENTRY--AUTHOR NAME
Personal name Sullivan, Charles L.
245 10 - TITLE STATEMENT
Title Zinfandel
260 ## - PUBLICATION, DISTRIBUTION, ETC. (IMPRINT)
Place of publication Berkeley :
Name of publisher University of California Press,
Year of publication c2003.
300 ## - PHYSICAL DESCRIPTION
Number of Pages xxii, 224 p. :
Other physical details ill., map.
490 1# - SERIES STATEMENT
Series statement California studies in food and culture ;
650 #0 - SUBJECT ADDED ENTRY--TOPICAL TERM
Topical Term Grapes
Topical Term Viticulture
Topical Term Wine and wine making
856 40 - ELECTRONIC LOCATION AND ACCESS
Uniform Resource Identifier http://site.ebrary.com/lib/rucke/Doc?id=10062319

No items available.

© 2026 Rongo University
Contact us: librarian | system librarian | Rongo university